000
00315nam a2200133Ia 4500
100
_a
Ludwig/Reinhold/ Bretchko/Pavel
942
_c
BK
654
_a
rf
245
_a
RF Circuit Design:Theory and applications
260
_b
Pearson Education
_c
2000
082
_a
621.38132
_b
LUD
300
_a
642
546
_a
ENGLISH
999
_c
24848
_d
24848